000 00616nam a2200241Ia 4500
003 OSt
005 20220918184830.0
006 a|||||r|||| 00| 0
007 ta
008 220917b |||||||| |||| 00| 0 eng d
024 _a48,284
037 _cTextual
040 _aARTS
_cARTS
_beng
041 _2eng
_aeng
082 _aP, J01
100 _aBloomfield Leonard
_965303
245 0 _aLanguage
260 _c1950
500 _aPublished previously as Introduction to the study of language
650 _aLINGUISTICS
942 _hP, J01
_cTEXL
_2CC
999 _c177954
_d177954